000 00718nam a2200217 4500
001 144900
003 ES-MaACL
005 20230906201125.0
007 t|
008 070214s1974 sp r ||||1| spa d
100 0 _aSmith, C. U. M (
_qChristopher Upham Murray)
_9106854
245 1 3 _aEl cerebro /
_cC. U. M. Smith ; versión de José Ortega Klein ; revisión de José Antonio Amérigo].
260 _aMadrid :
_bAlianza,
_c1974 (
_fGrefol)
300 _a434 p. :
_bil. ;
_c20 cm.
490 1 _aAlianza Universidad
700 1 _aOrtega Klein, José.
_987465
700 1 _aAmérigo, José Antonio.
_921205
830 0 _aAlianza Universidad
_9177276
852 _aES-MaACL
_jE-7111
_bR.91554
999 _c144900
_d144900